000 00783nam a2200241Ia 4500
003 OSt
005 20220918230852.0
006 a|||||r|||| 00| 0
007 ta
008 220917b |||||||| |||| 00| 0 eng d
024 _a261,054
037 _cTextual
040 _aARTS
_cARTS
_beng
041 _2eng
_aeng
082 _aT9T:831b3p1:N65, K6
110 _aNCERT. Department of educational administration
_9153427
245 0 _aReport of training course for principals of secondary teachers colleges
260 _aTrivandrum
_bDepartment of Educational Administartion India
_c1966
300 _a122p.
_ccm.
700 _aNCERT. Department of educational administration
_9153428
942 _hT9T:831b3p1:N65, K6
_cTEXL
_2CC
999 _c289189
_d289189